[Event "CHN-ch Gp-B (Women)"]
[Site "Liaocheng"]
[Date "2024.04.25"]
[Round "9"]
[White "Mu, Wangxueyao"]
[Black "Wu, Ruoyi"]
[Result "0-1"]
[WhiteElo "1738"]
[BlackElo "1604"]
[PlyCount "74"]
[EventDate "2024.04.21"]
[EventType "swiss"]
[EventRounds "11"]
[EventCountry "CHN"]
[SourceTitle "CB18_2024"]
[SourceDate "2024.05.01"]
[SourceVersion "1"]
[SourceVersionDate "2024.05.01"]
[SourceQuality "2"]

1. d4 Nf6 2. c4 g6 3. Nc3 Bg7 4. e4 d6 5. Nf3 0-0 6. Be2 e5 7. d5 a5 8. Bg5 Na6 9. Nd2 Nc5 10. 0-0 h6 11. Be3 Nfd7 12. b3 b6 13. a3 Bb7 14. b4 axb4 15. axb4 Na6 16. Rb1 f5 17. f3 f4 18. Bf2 g5 19. Na4 Qe7 20. Qc2 Rfb8 21. Rb2 Bf8 22. Rfb1 Bc8 23. Rc1 Qd8 24. h3 Kf7 25. Rbb1 Be7 26. c5 bxc5 27. Bxa6 Rxa6 28. bxc5 Rba8 29. cxd6 Bxd6 30. Nc3 c6 31. Nc4 Bf8 32. Qd3 Qf6 33. dxc6 Rxc6 34. Nd5 Qe6 35. Ncb6 Nxb6 36. Rxb6 Rxc1+ 37. Kh2 Raa1 0-1

[Event "CHN-ch Gp-B (Women)"]
[Site "Liaocheng"]
[Date "2024.04.24"]
[Round "7"]
[White "Mu, Wangxueyao"]
[Black "Wang, Zihan1"]
[Result "1-0"]
[WhiteElo "1738"]
[BlackElo "1587"]
[PlyCount "49"]
[EventDate "2024.04.21"]
[EventType "swiss"]
[EventRounds "11"]
[EventCountry "CHN"]
[SourceTitle "CB18_2024"]
[SourceDate "2024.05.01"]
[SourceVersion "1"]
[SourceVersionDate "2024.05.01"]
[SourceQuality "2"]

1. d4 d5 2. Nf3 Nf6 3. e3 e6 4. Bd3 c5 5. b3 Bd6 6. Bb2 Nbd7 7. Ne5 cxd4 8. exd4 Qc7 9. f4 b6 10. 0-0 g6 11. Nd2 Bb7 12. Qf3 Rf8 13. Qe2 Ng8 14. Bb5 Bc8 15. c4 Ne7 16. cxd5 Bxe5 17. fxe5 exd5 18. Rac1 Qd8 19. e6 fxe6 20. Qxe6 a6 21. Bc6 Ra7 22. Ba3 Rf5 23. Rxf5 gxf5 24. Re1 Rc7 25. Bxe7 1-0

[Event "CHN-chT (Women)"]
[Site "Qingdao"]
[Date "2024.04.09"]
[Round "8.1"]
[White "Qiu, Mengjie"]
[Black "Mu, Wangxueyao"]
[Result "1-0"]
[WhiteElo "2177"]
[BlackElo "1738"]
[PlyCount "61"]
[EventDate "2024.04.02"]
[EventType "team-swiss"]
[EventRounds "9"]
[EventCountry "CHN"]
[SourceTitle "CB16_2024"]
[SourceDate "2024.04.17"]
[SourceVersion "1"]
[SourceVersionDate "2024.04.17"]
[SourceQuality "1"]
[WhiteTeam "Zhejiang (W)"]
[BlackTeam "Heilongjiang (W)"]
[WhiteTeamCountry "CHN"]
[BlackTeamCountry "CHN"]

1. e4 c5 2. Nf3 d6 3. d4 cxd4 4. Nxd4 Nf6 5. Nc3 g6 6. Be3 Bg7 7. f3 0-0 8. Qd2 Nc6 9. g4 Be6 10. Nxe6 fxe6 11. 0-0-0 Ne5 12. Be2 Qc8 13. Bd4 Nfd7 14. f4 Nc4 15. Qd3 Ndb6 16. b3 Na5 17. Bxg7 Kxg7 18. f5 Nd7 19. Qd2 Ne5 20. h4 Kh8 21. fxe6 Qxe6 22. Nd5 Nac6 23. Nc7 Qf6 24. g5 Qf2 25. Nxa8 Rxa8 26. h5 Rc8 27. hxg6 Nxg6 28. Bg4 Qxd2+ 29. Rxd2 Rg8 30. Rf2 Nce5 31. Be6 1-0

[Event "CHN-chT (Women)"]
[Site "Qingdao"]
[Date "2024.04.04"]
[Round "3.1"]
[White "Mu, Wangxueyao"]
[Black "Chu, Ruotong"]
[Result "1/2-1/2"]
[WhiteElo "1738"]
[BlackElo "2124"]
[PlyCount "50"]
[EventDate "2024.04.02"]
[EventType "team-swiss"]
[EventRounds "9"]
[EventCountry "CHN"]
[SourceTitle "CB16_2024"]
[SourceDate "2024.04.17"]
[SourceVersion "1"]
[SourceVersionDate "2024.04.17"]
[SourceQuality "1"]
[WhiteTeam "Heilongjiang (W)"]
[BlackTeam "Chengdu (W)"]
[WhiteTeamCountry "CHN"]
[BlackTeamCountry "CHN"]

1. d4 Nf6 2. c4 g6 3. Nc3 d5 4. Bg5 Ne4 5. Bh4 Nxc3 6. bxc3 dxc4 7. Nf3 c6 8. e3 b5 9. Be2 Bg7 10. 0-0 a6 11. Qc2 Nd7 12. Ng5 Nf6 13. Bf3 Bb7 14. Ne4 Nxe4 15. Qxe4 Ra7 16. Qf4 h6 17. Bg3 0-0 18. Qc7 Qxc7 19. Bxc7 Re8 20. a4 Raa8 21. Rfd1 Rac8 22. Bb6 Ra8 23. Bc7 Rac8 24. Bb6 Ra8 25. Bc7 Rac8 1/2-1/2

[Event "CHN-ch U14 Girls"]
[Site "Shanghai"]
[Date "2024.02.21"]
[Round "11"]
[White "Mu, Wangxueyao"]
[Black "Zhao, Yunqing"]
[Result "1/2-1/2"]
[WhiteElo "1552"]
[BlackElo "1870"]
[PlyCount "49"]
[EventDate "2024.02.16"]
[EventType "swiss"]
[EventRounds "11"]
[EventCountry "CHN"]
[SourceTitle "CB09_2024"]
[SourceDate "2024.02.28"]
[SourceVersion "1"]
[SourceVersionDate "2024.02.28"]
[SourceQuality "1"]

1. d4 Nf6 2. c4 e6 3. Nf3 b6 4. g3 Bb7 5. Bg2 Be7 6. 0-0 0-0 7. d5 Re8 8. Nh4 Qc8 9. e4 d6 10. f4 Nfd7 11. Nf3 Bf6 12. Nd4 Bxd4+ 13. Qxd4 e5 14. Qd1 exf4 15. Bxf4 Ne5 16. b3 Nbd7 17. Nc3 Qd8 18. Qd2 Nf8 19. Ne2 Bc8 20. Nd4 Bd7 21. Nf5 Bxf5 22. exf5 Nfd7 23. Bg5 f6 24. Be3 a5 25. Rac1 1/2-1/2

[Event "Hohhot National op"]
[Site "Hohhot"]
[Date "2023.12.21"]
[Round "4"]
[White "Liu, Haoling"]
[Black "Mu, Wangxueyao"]
[Result "1/2-1/2"]
[WhiteElo "1587"]
[BlackElo "1449"]
[PlyCount "61"]
[EventDate "2023.12.20"]
[EventType "swiss"]
[EventRounds "9"]
[EventCountry "CHN"]
[SourceTitle "CB52_2023"]
[SourceDate "2023.12.27"]
[SourceVersion "1"]
[SourceVersionDate "2023.12.27"]
[SourceQuality "1"]

1. Nf3 d5 2. d4 e6 3. g3 c5 4. Bg2 Nc6 5. 0-0 Nf6 6. b3 cxd4 7. Nxd4 e5 8. Nxc6 bxc6 9. Bb2 Bd6 10. c4 Bb7 11. Nc3 e4 12. cxd5 cxd5 13. Nb5 Be7 14. Qd2 0-0 15. Rac1 a6 16. Nd4 Qd7 17. Nc2 Rfd8 18. Ne3 Qe6 19. Rfd1 Rd7 20. Qa5 h5 21. Qa4 Rad8 22. h4 Bd6 23. Bxf6 Qxf6 24. Bh3 Rc7 25. Nf5 Bc5 26. b4 Bb6 27. Rxc7 Bxc7 28. Nd4 e3 29. f4 Bb6 30. b5 axb5 31. Qxb5 1/2-1/2

[Event "Daqing Boyi Cup-B"]
[Site "Daqing"]
[Date "2023.08.14"]
[Round "3"]
[White "Mu, Wangxueyao"]
[Black "Zhang, Zhi"]
[Result "0-1"]
[WhiteElo "1306"]
[BlackElo "1791"]
[PlyCount "60"]
[EventDate "2023.08.13"]
[EventType "swiss"]
[EventRounds "9"]
[EventCountry "CHN"]
[SourceTitle "EXT 2024"]
[Source "ChessBase"]
[SourceDate "2023.10.10"]
[SourceVersion "1"]
[SourceVersionDate "2023.10.10"]
[SourceQuality "1"]

1. d4 Nf6 2. Nf3 e6 3. c4 b6 4. Nc3 Bb7 5. e3 Bb4 6. Bd3 0-0 7. 0-0 Bxc3 8. bxc3 c5 9. Qc2 Bxf3 10. gxf3 d6 11. f4 Nc6 12. Be2 Rc8 13. Rd1 Qe7 14. d5 Na5 15. e4 exd5 16. exd5 Qd7 17. Qd3 Rfe8 18. Qf3 Qa4 19. Kh1 Ne4 20. Rg1 Qc2 21. Be3 Nxf2+ 22. Bxf2 Qxe2 23. Qg3 Qe4+ 24. Rg2 g6 25. f5 Qxf5 26. Qxd6 Nxc4 27. Qg3 Qxd5 28. Qg4 Rcd8 29. Qh3 Re2 30. Rf1 Nd2 0-1

[Event "CHN-ch U12 Girls"]
[Site "Shenzhen"]
[Date "2023.07.30"]
[Round "5"]
[White "Mu, Wangxueyao"]
[Black "Pi, Aiying"]
[Result "1-0"]
[WhiteElo "1306"]
[BlackElo "1419"]
[PlyCount "60"]
[EventDate "2023.07.28"]
[EventType "swiss"]
[EventRounds "11"]
[EventCountry "CHN"]
[SourceTitle "CBM 215 Extra"]
[Source "ChessBase"]
[SourceDate "2023.09.30"]
[SourceVersion "1"]
[SourceVersionDate "2023.09.30"]
[SourceQuality "1"]

1. d4 d6 2. Nf3 Bg4 3. g3 Bxf3 4. exf3 g6 5. Bg2 Bg7 6. 0-0 Nf6 7. c4 c6 8. Nc3 0-0 9. f4 Nbd7 10. b3 Re8 11. Bb2 e5 12. fxe5 dxe5 13. d5 Rc8 14. Re1 Nh5 15. dxc6 bxc6 16. Ne4 Re6 17. Bh3 f5 18. Nd6 Rc7 19. Nxf5 Re8 20. Nxg7 Nxg7 21. Qd6 Nf5 22. Bxf5 gxf5 23. Rad1 Qc8 24. Bxe5 Nxe5 25. Rxe5 Rxe5 26. Qxe5 Rf7 27. Rd4 a6 28. Qf4 Qe6 29. Qg5+ Rg7 30. Qd8+ Kf7 1-0

[Event "CHN-ch U12 Girls"]
[Site "Shenzhen"]
[Date "2023.07.29"]
[Round "3"]
[White "Mu, Wangxueyao"]
[Black "Jiao, Yihan"]
[Result "1-0"]
[WhiteElo "1306"]
[BlackElo "1629"]
[PlyCount "62"]
[EventDate "2023.07.28"]
[EventType "swiss"]
[EventRounds "11"]
[EventCountry "CHN"]
[SourceTitle "CBM 215 Extra"]
[Source "ChessBase"]
[SourceDate "2023.09.30"]
[SourceVersion "1"]
[SourceVersionDate "2023.09.30"]
[SourceQuality "1"]

1. d4 d5 2. c4 e6 3. Nc3 Nf6 4. Nf3 c6 5. e3 Be7 6. Bd3 Nbd7 7. 0-0 dxc4 8. Bxc4 b5 9. Bd3 a6 10. e4 Bb7 11. e5 Nd5 12. Nxd5 cxd5 13. Be3 0-0 14. Nd2 f5 15. exf6 Nxf6 16. Nf3 Ne4 17. Ne5 Bf6 18. Qg4 Qe7 19. f3 Bxe5 20. dxe5 Nc5 21. Qb4 Rfc8 22. Rac1 a5 23. Bxc5 Qg5 24. Qd4 b4 25. f4 Qg4 26. f5 Qxd4+ 27. Bxd4 exf5 28. Bxf5 Rxc1 29. Rxc1 Rf8 30. Be6+ Kh8 31. Rc7 Ba6 1-0

[Event "CHN-chT (Women)"]
[Site "Hangzhou"]
[Date "2023.05.23"]
[Round "5.3"]
[White "Mu, Wangxueyao"]
[Black "Zou, Xinyi"]
[Result "1/2-1/2"]
[WhiteElo "1160"]
[BlackElo "1672"]
[PlyCount "81"]
[EventDate "2023.05.19"]
[EventType "team-swiss"]
[EventRounds "9"]
[EventCountry "CHN"]
[SourceTitle "CBM 214 Extra"]
[Source "ChessBase"]
[SourceDate "2023.07.31"]
[SourceVersion "1"]
[SourceVersionDate "2023.07.31"]
[SourceQuality "1"]
[WhiteTeam "Heilongjiang (W)"]
[BlackTeam "Hainan (W)"]
[WhiteTeamCountry "CHN"]
[BlackTeamCountry "CHN"]

1. Nf3 d5 2. g3 c5 3. Bg2 Nf6 4. 0-0 Nc6 5. d4 e6 6. c4 Be7 7. cxd5 exd5 8. Nc3 0-0 9. dxc5 Bxc5 10. Bg5 d4 11. Ne4 Be7 12. Nxf6+ Bxf6 13. Bxf6 Qxf6 14. Qd2 Rd8 15. Rfd1 Be6 16. b4 Bc4 17. Qb2 b5 18. Nd2 Rac8 19. Rac1 Qe6 20. Bxc6 Rxc6 21. Nxc4 Rxc4 22. Rxc4 Qxc4 23. Rc1 Qe6 24. Rd1 Qe4 25. Qc1 Qxe2 26. Rxd4 Re8 27. a3 Qf3 28. Qd2 Qxa3 29. Rd8 Qa1+ 30. Kg2 Qe5 31. Qd7 Kf8 32. Rxe8+ Qxe8 33. Qxa7 Qe4+ 34. Kg1 Qe1+ 35. Kg2 Qxb4 36. Qb8+ Ke7 37. Qe5+ Kd7 38. Qd5+ Ke7 39. Qe5+ Kd7 40. Qd5+ Ke7 41. Qe5+ 1/2-1/2

[Event "CHN-ch sf (Women)"]
[Site "Hefei"]
[Date "2023.04.25"]
[Round "5"]
[White "Mu, Wangxueyao"]
[Black "Guo, Hanxi"]
[Result "0-1"]
[WhiteElo "1133"]
[BlackElo "1594"]
[PlyCount "108"]
[EventDate "2023.04.23"]
[EventType "swiss"]
[EventRounds "11"]
[EventCountry "CHN"]
[SourceTitle "CBM 214 Extra"]
[Source "ChessBase"]
[SourceDate "2023.07.31"]
[SourceVersion "1"]
[SourceVersionDate "2023.07.31"]
[SourceQuality "1"]

1. d4 Nf6 2. c4 e6 3. Nc3 Bb4 4. Qc2 d5 5. a3 Bxc3+ 6. Qxc3 dxc4 7. Nf3 b6 8. g3 Bb7 9. Bg2 Bd5 10. 0-0 0-0 11. Rd1 Nc6 12. Be3 b5 13. Qc2 a5 14. Kh1 b4 15. Bg5 b3 16. Qb1 Na7 17. Bxf6 Qxf6 18. e4 Bb7 19. Ne5 Qxf2 20. Nxc4 a4 21. Rd2 Qf6 22. Ne5 Qe7 23. Qd3 Nc6 24. Nc4 Na5 25. Ne3 Rfd8 26. Qc3 Nc6 27. Rf1 Na7 28. d5 Nb5 29. Qe5 f6 30. Qh5 e5 31. Nf5 Qf7 32. Qg4 Kh8 33. Qh4 Nd6 34. g4 Qg6 35. Qg3 Nxf5 36. exf5 Qf7 37. Rfd1 Rd6 38. g5 Qe7 39. Re1 Rad8 40. gxf6 gxf6 41. Rg1 Qf7 42. Qh4 Bxd5 43. Qxa4 Bc6 44. Rxd6 Bxg2+ 45. Rxg2 cxd6 46. Qb4 Rc8 47. Rd2 Rc1+ 48. Kg2 Qg8+ 49. Kf3 Rc4 50. Qxd6 Qg4+ 51. Kf2 Rf4+ 52. Ke1 Qg1+ 53. Ke2 Qf2+ 54. Kd3 Qf3# 0-1

[Event "CHN-ch sf (Women)"]
[Site "Hefei"]
[Date "2023.04.23"]
[Round "1"]
[White "Bai, Xue"]
[Black "Mu, Wangxueyao"]
[Result "1-0"]
[WhiteElo "2120"]
[BlackElo "1133"]
[PlyCount "59"]
[EventDate "2023.04.23"]
[EventType "swiss"]
[EventRounds "11"]
[EventCountry "CHN"]
[SourceTitle "CBM 214 Extra"]
[Source "ChessBase"]
[SourceDate "2023.07.31"]
[SourceVersion "1"]
[SourceVersionDate "2023.07.31"]
[SourceQuality "1"]

1. e4 c5 2. Nf3 d6 3. d4 cxd4 4. Nxd4 Nf6 5. Nc3 g6 6. Be3 Bg7 7. f3 0-0 8. Qd2 Nc6 9. g4 Be6 10. Nxe6 fxe6 11. 0-0-0 Ne5 12. Be2 Qc8 13. Bd4 a6 14. h4 b5 15. h5 Kf7 16. hxg6+ hxg6 17. Qf4 Ke8 18. Qg5 Kf7 19. f4 b4 20. fxe5 dxe5 21. Bxe5 bxc3 22. Bxc3 Rh8 23. e5 Qc6 24. Rxh8 Rxh8 25. Qf4 Qe4 26. Qf1 Rh2 27. Bd3 Qe3+ 28. Kb1 Rf2 29. Qg1 Nd5 30. Bd4 1-0

[Event "CHN-chTB"]
[Site "Hefei"]
[Date "2023.04.21"]
[Round "8"]
[White "Mu, Wangxueyao"]
[Black "Liu, Manli"]
[Result "0-1"]
[WhiteElo "1133"]
[BlackElo "2137"]
[PlyCount "63"]
[EventDate "2023.04.17"]
[EventType "team-swiss"]
[EventRounds "9"]
[EventCountry "CHN"]
[SourceTitle "EXT 2024"]
[Source "ChessBase"]
[SourceDate "2023.10.10"]
[SourceVersion "1"]
[SourceVersionDate "2023.10.10"]
[SourceQuality "1"]
[WhiteTeam "Heilongjiang"]
[BlackTeam "Guangzhou Lingnan"]
[WhiteTeamCountry "CHN"]
[BlackTeamCountry "CHN"]

1. d4 e6 2. c4 f5 3. Nf3 Nf6 4. Nc3 Be7 5. e3 b6 6. Bd3 Bb7 7. 0-0 0-0 8. Qe2 Ne4 9. Nd2 d5 10. f3 Nxc3 11. bxc3 c5 12. cxd5 exd5 13. c4 cxd4 14. exd4 Kh8 15. Bb2 Nc6 16. Nb3 a5 17. a4 Nb4 18. Rfd1 Nxd3 19. Qxd3 Ba6 20. Nd2 dxc4 21. Nxc4 Rc8 22. Rac1 Bg5 23. d5 Bxc1 24. Rxc1 Bxc4 25. Rxc4 Rxc4 26. Qxc4 Qd6 27. Kf1 h6 28. Qc3 Rf7 29. Qd3 Rd7 30. Qxf5 Qxd5 31. Bxg7+ Kxg7 32. Kg1 0-1

[Event "CHN-chT (Women)"]
[Site "Nanjing"]
[Date "2023.02.22"]
[Round "9.1"]
[White "Mu, Wangxueyao"]
[Black "Bai, Xue"]
[Result "0-1"]
[WhiteElo "1133"]
[BlackElo "2102"]
[PlyCount "132"]
[EventDate "2023.02.14"]
[EventType "team-swiss"]
[EventRounds "9"]
[EventCountry "CHN"]
[SourceTitle "CBM 212 Extra"]
[Source "ChessBase"]
[SourceDate "2023.03.31"]
[SourceVersion "1"]
[SourceVersionDate "2023.03.31"]
[SourceQuality "1"]
[WhiteTeam "Jilin (W)"]
[BlackTeam "Zhejiang (W)"]
[WhiteTeamCountry "CHN"]
[BlackTeamCountry "CHN"]

1. d4 d5 2. Nf3 e6 3. e3 Nf6 4. Bd3 Be7 5. 0-0 0-0 6. b3 b6 7. Bb2 Bb7 8. Nbd2 c5 9. Ne5 Nc6 10. c4 dxc4 11. Ndxc4 cxd4 12. exd4 g6 13. Nxc6 Bxc6 14. Rc1 Bb7 15. Re1 Bb4 16. Re3 Nd5 17. Rg3 Bd6 18. Nxd6 Qxd6 19. Qd2 Rfc8 20. Rd1 Qf4 21. Qe1 Rc7 22. Ba3 Rac8 23. Rf3 Qg5 24. Rg3 Qf6 25. Bd6 Rd7 26. Be5 Qe7 27. Qd2 Qf8 28. h4 f6 29. Bf4 Qb4 30. Bc4 Qxd2 31. Bxd2 Kf7 32. Kf1 Rdc7 33. a4 Ne7 34. Bf4 Rd7 35. Ke2 Nf5 36. Rgd3 Be4 37. Rc3 Rcd8 38. f3 Ba8 39. Bb5 Re7 40. Rcd3 Nxh4 41. Kf2 g5 42. Bh2 Bb7 43. b4 Nf5 44. g4 Nd6 45. Bxd6 Rxd6 46. Rc3 a6 47. Bc4 Kg7 48. Bb3 h6 49. Ke3 f5 50. Rdc1 f4+ 51. Kf2 Rxd4 52. Bxe6 Rd2+ 53. Kf1 Bxf3 54. Rxf3 Rxe6 55. Rc7+ Kg6 56. Rfc3 Red6 57. R3c6 Kf6 58. Rh7 Ke5 59. Re7+ Kf6 60. Rh7 Rxc6 61. Rxh6+ Ke5 62. Rxc6 Ke4 63. Rxb6 Kf3 64. Ke1 Rb2 65. b5 a5 66. Rc6 Kg2 0-1

[Event "CHN-chT (Women)"]
[Site "Nanjing"]
[Date "2023.02.15"]
[Round "2.1"]
[White "Ren, Xiaoyi"]
[Black "Mu, Wangxueyao"]
[Result "1-0"]
[WhiteElo "2195"]
[BlackElo "1133"]
[PlyCount "45"]
[EventDate "2023.02.14"]
[EventType "team-swiss"]
[EventRounds "9"]
[EventCountry "CHN"]
[SourceTitle "CBM 212 Extra"]
[Source "ChessBase"]
[SourceDate "2023.03.31"]
[SourceVersion "1"]
[SourceVersionDate "2023.03.31"]
[SourceQuality "1"]
[WhiteTeam "Chengdu (W)"]
[BlackTeam "Jilin (W)"]
[WhiteTeamCountry "CHN"]
[BlackTeamCountry "CHN"]

1. d4 d5 2. c4 c6 3. Nf3 Nf6 4. e3 e6 5. Nbd2 Nbd7 6. b3 Bd6 7. Bb2 0-0 8. Bd3 Qe7 9. Ne5 Ne8 10. 0-0 c5 11. f4 b6 12. Nc6 Qh4 13. Rf3 Qh5 14. e4 dxe4 15. Nxe4 Bb7 16. d5 exd5 17. Ng3 Qh4 18. Nf5 Qh5 19. cxd5 f6 20. Qe2 Qf7 21. Qe4 Qh5 22. Rh3 Qg4 23. Nh6+ 1-0